| 000 | 00403 a2200145 4500 | ||
|---|---|---|---|
| 001 | ART_31389 | ||
| 005 | 20260410161707.0 | ||
| 008 | 260409a | ||
| 245 | 1 | 0 | _aRecupero de IVA por exportaciones |
| 100 | 1 | _aBaldo, Alberto | |
| 700 | 1 | _aOklander, Juan | |
| 700 | 1 | _aPolicella, Gustavo | |
| 700 | 1 | _aHarvey, Guillermo | |
| 773 | 0 |
_tRevista Impuestos _g- NÂș 6 (mar. 2007) _wREV639 |
|
| 999 |
_c15706 _d15706 |
||